Bombardier Private Jets by Picture - Statistics

General Stats
  • This quiz has been taken 32 times
    23 since last reset
  • The average score is 11 of 20
Answer Stats
Picture Answer % Correct
Challenger 300
71%
Challenger 350
71%
Global Express XRS
65%
Learjet 75
65%
Challenger 605
59%
Global 5000
59%
Global 7500
59%
Learjet 40
59%
Learjet 45
59%
Challenger 604
53%
Global 6000
53%
Learjet 35
53%
Challenger 650
47%
Challenger 850
47%
Global 5500
47%
Learjet 60
47%
Challenger 800
41%
Global 6500
41%
Challenger 600
35%
Challenger 601
35%
No matching quizzes found
Score Distribution
Percent of People with Each Score
Percentile by Number Answered
Your Score History
You have not taken this quiz since the last reset